000 00610nam a2200193Ia 4500
008 151121s9999||||xx |||||||||||||| ||und||
082 _a812/ देशपां
082 _bHNW-65587
100 _aदेशपांडे पु। ल।
245 _aअंमलदार
260 _b"श्रीविद्या प्रकाशन, पुणे"
260 _c--
300 _a93
600 _aदेशपांडे पु। ल।
630 _aअंमलदार
700 _aदेशपांडे पु। ल।
730 _aअंमलदार
942 _cBOOK
999 _c1247095
_d1247092